000 00613nam a2200229Ia 4500
003 OSt
005 20221007080813.0
006 a|||||r|||| 00| 0
007 ta
008 221006b |||||||| |||| 00| 0 eng d
024 _a13,059
037 _cTextual
040 _aFLL
_cFLL
_beng
041 _2eng
_aeng
082 _aV41:19:N5, K8
100 _aLall A. Au.
_9695561
245 0 _aHow communist china negotiates
260 _aNew York
_bColumbia university press U.S.A.
_c1968
300 _a301p
_ccm.
942 _hV41:19:N5, K8
_cTEXL
_2CC
999 _c1160952
_d1160952